00474cam a22001217a 4500008004000000100003500040245010600075260004100181650001700222700002000239999001900259952007400278180718b1995 xxu||||| |||| 00| 0 eng d aVagmai, Sriram Sharma Aacharya aVyakti vikas hetu ucchistariya sadhnayaincby Sriram Sharma Aacharya Vagmai;edited by Brahmverchasava aMathurabAkhand Jyoti Sansthanc1995 aVyakti vikas aBrahmverchasava c439026d439026 00104070aIIPAbIIPAd2010-04-21p71701r2018-07-21w2018-07-21yBK